Loading...
| History - Other | 0 | 10 | 0 | 1 | 100 | 49 | 89.60 | 6 | 10 | 0.00 | 0.00 |
| History - European | 0 | 9 | 1 | 1 | 85 | 42 | 76.67 | 6 | 9 | 0.00 | 0.00 |
| Fine Arts - Painting and Sculpture | 0 | 8 | 0 | 1 | 80 | 83 | 122.75 | 2 | 8 | 0.00 | 0.00 |
| History - World | 0 | 8 | 2 | 1 | 70 | 63 | 97.25 | 4 | 8 | 0.00 | 0.00 |
| Religion | 0 | 7 | 1 | 1 | 65 | 70 | 117.71 | 4 | 7 | 0.00 | 0.00 |
| Mythology | 0 | 6 | 0 | 1 | 60 | 71 | 122.67 | 4 | 6 | 0.00 | 0.00 |
| History - American | 0 | 5 | 0 | 1 | 50 | 79 | 111.60 | 1 | 5 | 0.00 | 0.00 |
| Social Science | 0 | 5 | 0 | 1 | 50 | 77 | 100.80 | 1 | 5 | 0.00 | 0.00 |
| Literature - World | 0 | 5 | 1 | 1 | 45 | 128 | 140.00 | 1 | 5 | 0.00 | 0.00 |
| Science - Chemistry | 0 | 4 | 1 | 2 | 35 | 82 | 110.50 | 1 | 4 | 0.00 | 0.00 |
| Science - Biology | 0 | 4 | 1 | 0 | 35 | 86 | 100.25 | 1 | 4 | 0.00 | 0.00 |
| Current Events | 0 | 3 | 0 | 0 | 30 | 17 | 60.33 | 2 | 3 | 0.00 | 0.00 |
| Fine Arts - Other | 0 | 4 | 2 | 2 | 30 | 123 | 130.75 | 0 | 4 | 0.00 | 0.00 |
| Science - Other | 0 | 3 | 0 | 0 | 30 | 94 | 102.00 | 1 | 3 | 0.00 | 0.00 |
| Philosophy | 0 | 3 | 1 | 0 | 25 | 108 | 110.33 | 2 | 3 | 0.00 | 0.00 |
| Other Academic | 0 | 2 | 0 | 0 | 20 | 90 | 109.00 | 0 | 2 | 0.00 | 0.00 |
| Fine Arts - Classical Music | 0 | 2 | 0 | 0 | 20 | 124 | 127.00 | 1 | 2 | 0.00 | 0.00 |
| Science - Physics | 0 | 2 | 0 | 0 | 20 | 113 | 115.00 | 0 | 2 | 0.00 | 0.00 |
| Geography | 0 | 2 | 1 | 0 | 15 | 91 | 100.50 | 2 | 2 | 0.00 | 0.00 |
| Literature - British | 0 | 2 | 1 | 0 | 15 | 116 | 126.50 | 1 | 2 | 0.00 | 0.00 |
| Literature - American | 0 | 1 | 1 | 0 | 5 | 139 | 139.00 | 0 | 1 | 0.00 | 0.00 |
| Literature - European | 0 | 1 | 1 | 0 | 5 | 107 | 107.00 | 1 | 1 | 0.00 | 0.00 |